| 000 | 00667nam a2200205 a 4500 | ||
|---|---|---|---|
| 001 | 000034605 | ||
| 005 | 20200930073807.0 | ||
| 008 | 111010s1999 mx 001 0 spa d | ||
| 020 | _a848310886 | ||
| 040 |
_aDO-SdBNP _bspa _cBNPHU |
||
| 082 |
_axxxx _bM396 |
||
| 100 | 1 |
_aMasetti, Jorge, _d1955- _960044 |
|
| 245 | 1 | 3 |
_aEl furor y el delirio : _bitinerario de un Hijo de la Revolución cubana / _cJorge Masetti ; Elizabeth Burgos. |
| 260 |
_aEspaña : _bTus Quets Editores, _c1999. |
||
| 300 |
_a298 p. ; _c22 cm. |
||
| 490 | 1 |
_aAndanza; _v363 |
|
| 500 | _aIncluye índice onomástico | ||
| 700 | 1 |
_aBurgos, Elizabeth _epról. _960045 |
|
| 830 | 0 |
_aAndanza; _v363 _945981 |
|
| 999 |
_c34096 _d34096 |
||